इज्जत (Record no. 334047)

MARC details
000 -LEADER
fixed length control field 00467nam a2200157Ia 4500
008 - FIXED-LENGTH DATA ELEMENTS--GENERAL INFORMATION
fixed length control field 090711s9999 xx 000 0 und d
082 ## - DEWEY DECIMAL CLASSIFICATION NUMBER
Item number 1189
100 ## - MAIN ENTRY--PERSONAL NAME
Personal name राजपूत रघुवीरसिंह
245 ## - TITLE STATEMENT
Title इज्जत
260 ## - PUBLICATION, DISTRIBUTION, ETC. (IMPRINT)
Date of publication, distribution, etc 1998
600 ## - SUBJECT ADDED ENTRY--PERSONAL NAME
Personal name राजपूत रघुवीरसिंह
630 ## - SUBJECT ADDED ENTRY--UNIFORM TITLE
Uniform title इज्जत
700 ## - ADDED ENTRY--PERSONAL NAME
Personal name राजपूत रघुवीरसिंह
730 ## - ADDED ENTRY--UNIFORM TITLE
Uniform title इज्जत
942 ## - ADDED ENTRY ELEMENTS (KOHA)
Koha item type Book

No items available.